000 00299nam a2200109Ia 4500
003 GCL
008 140319s9999 xx 000 0 eng d
040 _aGCL /
_cGCL
082 0 4 _a701.85
_bB T
245 1 0 _aThe Artist's Pointing Library: Colar in Acrylic
260 _a[S.N] :
_bMacmillan Publishing Company
999 _c19301
_d19301